Rozpoznaj grę po recenzji Steam #9 - Statystyki

Ogólne statystyki
  • Ten quiz został rozwiązany 21 razy
  • Średni wynik to 7 z 20
Statystyki odpowiedzi
Recenzja Tytuł gry % Poprawnych
Po tylu latach nadal nie można połączyć/przenieść swoich postępów z Wargaming.net ID na Steam. Śmiech. World of Tanks
84%
Czy ktoś sie kiedyś zastanawiał czy balony mają uczucia? Bloons TD 6
74%
Wpie rdolilem sie w palac kultury polecam Microsoft Flight Simulator
74%
Hubert moszka to moj tata i da wam bany za zabijanie klas d jako ochroniarze SCP: Secret Laboratory
74%
Beka, chłop chłopu poduszkę pierdziuszkę podłożył xDDDDDDDD ( ͡°( ͡° ͜ʖ( ͡° ͜ʖ ͡°)ʖ ͡°) ͡°) Neighbours back From Hell
42%
Ogólnie to znajdujesz w grze kasety z hitami z lat 80 np. Take On Me albo The Final Countdown i puszczasz te piosenki na okrągło. Biegasz sobie po Afganistanie, fultonujesz wszystko co się da albo napie*dalasz czarnoskórych dziecięcych żołnierzy w Afryce. Gierka zaj*bista. METAL GEAR SOLID V: THE PHANTOM PAIN
37%
Nie moge oddychać Oxygen Not Included
37%
pakuj sie do robota shinji ARMORED CORE™ VI FIRES OF RUBICON™
32%
Symulator nietrafiania z 2 metrów w wielkiego kosmitę. XCOM: Enemy Unknown
32%
Wciąga jak wir pod wodę. Ciężko się oderwać DAVE THE DIVER
26%
Genialne połączenie zeldy i dark souls polecam dla każdego co lubi takie gierki jak moonlighter i death's door. TUNIC
26%
Nie o taką Ugandę walczyłem. VRChat
26%
jak przestać w to grać? Ktoś zna na to algorytm? :) [...] while True: learn()
26%
To jest gra roku To jest gra roku To jest gra roku To jest gra roku To jest gra roku To jest gra roku To jest gra roku To jest gra roku To jest gra roku To jest gra roku DEATHLOOP
16%
najspokojniejsza nocna szychta w huta katowice Deep Rock Galactic
16%
Fajniutka, ciasna. Spelunky
16%
No więc, mamy rok 2024, gra wygląda jakby była z 2007, gra się w nią ja by był 1999, i to nawet nie jest zaletą. Gdzie zaczać, proszę państwa... The Inquisitor
16%
No co ty na to, mały? Chciałbyś te bimbały! :D Bayonetta
11%
Bardzo ciekawa i relaksująca. Niestety Henry nie zamoczył na boku, ale polecam. Firewatch
11%
kupiłem gre wysadziłem wioski, pojazdy i mordowałem ludzi, wróciłem do domu i w grze zrobilem to samo People Playground
11%
Nie znaleziono quizów pasujących do podanych kryteriów
Rozkład punktacji
Procent ludzi z każdym wynikiem
Percentyl według liczby udzielonych odpowiedzi
Twoja historia wyników
Nie rozwiązałeś tego quizu